| 000 | 00802nam a22002057a 4500 | ||
|---|---|---|---|
| 999 |
_c7009 _d7009 |
||
| 003 | OSt | ||
| 005 | 20231121114955.0 | ||
| 008 | 170 s2017 spc|||||s|||||||| ||cat|d | ||
| 040 |
_bcat _cCDMR |
||
| 245 | 0 | 0 |
_aLlibre blanc de l'audiovisual de Catalunya _h[Recurs electrònic] _c/ direcció Jaume Ferrús |
| 260 |
_aBarcelona : _bConsell de l'Audiovisual de Catalunya, _c2017 |
||
| 300 | _a1 recurs electrònic (558 p.) | ||
| 500 | _aDescripció del recurs: el 17 de març de 2017 | ||
| 650 | 7 |
_aAudiovisuals _zCatalunya _2lemac |
|
| 650 | 7 |
_aMitjans de comunicació de massa _zCatalunya _2lemac |
|
| 655 | 4 | _aLlibres electrònics | |
| 700 | 1 |
_aFerrús, Jaume _cdir. |
|
| 856 | 4 | 0 |
_zAccés lliure _uhttps://www.cac.cat/sites/default/files/2018-03/Acord_6_2017_llibre_blanc_0.pdf |
| 942 |
_cRECURS_WEB _2udc |
||